भारतीय भाषा लोक सर्वेक्षण : मेघालय की भाषाऍ खंड 19 भाग 1 (Record no. 202201)
[ view plain ]
| 000 -LEADER | |
|---|---|
| fixed length control field | 00848nam a22001817a 4500 |
| 005 - DATE AND TIME OF LATEST TRANSACTION | |
| control field | 20250214104052.0 |
| 010 ## - LCCN (DPL NO) | |
| LC control number | HIN-127373 |
| 020 ## - INTERNATIONAL STANDARD BOOK NUMBER | |
| International Standard Book Number | 9789354425172 |
| Terms of availability | 3735.00 |
| 035 ## - SYSTEM CONTROL NUMBER | |
| System control number | HN-99719 |
| 037 ## - SOURCE OF ACQUISITION | |
| Source of stock number/acquisition | DBAD |
| 082 ## - DEWEY DECIMAL CLASSIFICATION NUMBER | |
| Classification number | 420.95458 |
| 100 ## - MAIN ENTRY--PERSONAL NAME | |
| Personal name | देवी, गणेश |
| 245 ## - TITLE STATEMENT | |
| Title | भारतीय भाषा लोक सर्वेक्षण : मेघालय की भाषाऍ खंड 19 भाग 1 |
| Statement of responsibility, etc | गणेश देवी |
| 260 ## - PUBLICATION, DISTRIBUTION, ETC. (IMPRINT) | |
| Place of publication, distribution, etc | तेलंगाना |
| Name of publisher, distributor, etc | ओरियंट ब्लैकस्वॉन प्राइवेट लिमिटेड |
| Date of publication, distribution, etc | 2024 |
| 270 ## - ADDRESS | |
| Address | 3-6-752 हिमायत नगर, हैदरबाद 500029 |
| City | हैदरबाद |
| 300 ## - PHYSICAL DESCRIPTION | |
| Extent | 416पृ |
| Dimensions | 25 सेमी (सजिल्द) |
| 942 ## - ADDED ENTRY ELEMENTS (KOHA) | |
| Item type | Hindi Books |
| Source of classification or shelving scheme | Dewey Decimal Classification |
| Classification part | 420.95458 |
| Call number suffix | देवी |
| Withdrawn status | Lost status | Not for loan | Collection code | Home library | Current library | Date acquired | Source of acquisition | Cost, normal purchase price | Full call number | Barcode | Copy number | Cost, replacement price | Koha item type |
|---|---|---|---|---|---|---|---|---|---|---|---|---|---|
| Not For Loan | Reference | Central Library | Central Library | 16/04/2024 | DBAD | 3735.00 | 420.95458 देवी | HN-99719 | 1 | 3735.00 | Hindi Books |
